Don't Go Back to His Ass - Audrey Hobert - Statistics

General Stats
  • This quiz has been taken 11 times
  • The average score is 404 of 492
Answer Stats
Answer % Correct
a
100%
ass
100%
back
100%
be
100%
dont
100%
don't
100%
go
100%
his
100%
i
100%
is
100%
it
100%
no
100%
the
100%
to
100%
was
100%
we
100%
where
100%
you
100%
your
100%
and
89%
but
89%
if
89%
im
89%
in
89%
its
89%
not
89%
that
89%
were
89%
what
89%
when
89%
with
89%
youre
89%
you're
89%
6pm
78%
again
78%
all
78%
at
78%
baby
78%
bed
78%
bet
78%
better
78%
bitches
78%
break
78%
college
78%
crying
78%
da
78%
dead
78%
ditches
78%
every
78%
everything
78%
exes
78%
feel
78%
friend
78%
friends
78%
from
78%
fun
78%
funny
78%
gin
78%
girl
78%
god
78%
hard
78%
hate
78%
he
78%
her
78%
here
78%
he's
78%
hes
78%
honest
78%
just
78%
know
78%
la
78%
lasts
78%
laugh
78%
like
78%
love
78%
loves
78%
much
78%
my
78%
never
78%
nodding
78%
oh
78%
playing
78%
pretty
78%
probably
78%
remember
78%
said
78%
sat
78%
say
78%
says
78%
she's
78%
shit
78%
so
78%
then
78%
time
78%
tonic
78%
trap
78%
violently
78%
window
78%
wouldn't
78%
would'nt
78%
alone
67%
breaks
67%
buying
67%
cause
67%
cell
67%
city
67%
crinkle
67%
did
67%
eye
67%
face
67%
fake
67%
famous
67%
for
67%
gas
67%
good
67%
got
67%
him
67%
jokes
67%
leave
67%
locked
67%
lost
67%
made
67%
makes
67%
me
67%
old
67%
olives
67%
one
67%
opinions
67%
please
67%
realize
67%
run
67%
screaming
67%
selling
67%
smells
67%
sure
67%
than
67%
up
67%
words
67%
worth
67%
ya
67%
youd
67%
bone
56%
boss
56%
certainly
56%
check
56%
down
56%
fetch
56%
fidget
56%
forgive
56%
get
56%
gonna
56%
let
56%
look
56%
movie
56%
na
56%
night
56%
or
56%
out
56%
pearls
56%
phone
56%
really
56%
sappy
56%
second
56%
should
56%
should've
56%
shut
56%
think
56%
tone
56%
wonder
44%
flipping
33%
jealous
33%
man
33%
mind
22%
sad
22%
something
22%
No matching quizzes found
Score Distribution
Percent of People with Each Score
Percentile by Number Answered
Your Score History
You have not taken this quiz